| 000 | 00952nam a22003015i 4500 | ||
|---|---|---|---|
| 001 | 11667 | ||
| 003 | ES-MaACL | ||
| 005 | 20230906150141.0 | ||
| 007 | t| | ||
| 008 | 941222s1994 sp ||||0| spa j | ||
| 020 | _a84-340-0665-0 | ||
| 040 |
_aM-BN _bspa _cM-BN |
||
| 080 | _a347.77(460)"19"(094.5) | ||
| 080 | _a347.77(4-672 CE)"19"(094.5) | ||
| 080 | _a347.77(094.2) | ||
| 245 | 0 | 0 | _aPropiedad industrial. |
| 250 | _a6ª ed. | ||
| 260 |
_aMadrid : _bBoletín Oficial del Estado, _c1994. |
||
| 300 |
_a896 p ; _c20 cm. |
||
| 490 | 1 |
_aColección Textos legales ; _vn. 32 |
|
| 500 | _aIndices. | ||
| 650 | 1 | 4 |
_aPropiedad industrial- _zEspaña- _vLegislación. _916482 |
| 650 | 1 | 4 |
_aPropiedad industrial- _vLegislación comunitaria. _916483 |
| 650 | 1 | 4 |
_aPropiedad industrial- _vTratados, convenios, etc. _916484 |
| 830 | 0 |
_aColección Textos legales ; _vn. 32 _9179180 |
|
| 852 |
_aES-MaACL _jL-19072 _bR.125320 |
||
| 999 |
_c11667 _d11667 |
||